000 01255nab a22002417a 4500
999 _c5869
_d5869
003 OSt
005 20260109004241.0
008 190514b xxu||||| |||| 00| 0 spa d
040 _cPJ
100 _96752
_aRodríguez de Aguilar, M. Isabel
245 1 3 _aLa interseccionalidad como parámetro convencional en la calificación y cuantificación de los daños en casos de violencia intrafamiliar /
_cM. Isabel Rodríguez de Aguilar.
300 _ap. 85-93
505 _aSumario: I. Palabras introductorias.— II. Síntesis de los hechos.— III. Principales puntos de análisis.— IV. Conclusiones.
505 _tFallo comentado: CCiv. y Com., Necochea, 05/03/2025. - B. F. G. M. y otros c. B. P. M. s/ daños y perjuicios extracontractual (exc. autom./ estado).
505 _tSi te interesa el texto, comunicate a koha@justierradelfuego.gov.ar
650 0 _9967
_aDERECHO DE FAMILIA
650 0 _91134
_aVIOLENCIA FAMILIAR
650 0 _94044
_aPERSPECTIVA DE GÉNERO
650 0 _94097
_aINTERES SUPERIOR DEL NIÑO
650 0 _91057
_aJURISPRUDENCIA APLICABLE
773 0 _02844
_93222
_dBuenos Aires : AbeledoPerrot, 1989-
_tDerecho de familia. Revista Interdisciplinaria de doctrina y jurisprudencia. Agosto 2025-IV
_z18511201
942 _2udc
_cANA